Library Banner

Red clouds over Afghanistan / (Record no. 89065)

MARC details
000 -LEADER
fixed length control field 00419nam a22001577a 4500
005 - DATE AND TIME OF LATEST TRANSACTION
control field 20161205103631.0
008 - FIXED-LENGTH DATA ELEMENTS--GENERAL INFORMATION
fixed length control field 161205b xxu||||| |||| 00| 0 eng d
040 ## - CATALOGING SOURCE
Transcribing agency PK-LaUMT
082 ## - DEWEY DECIMAL CLASSIFICATION NUMBER
Classification number MMC 958.1
Item number MAN-R
100 ## - MAIN ENTRY--PERSONAL NAME
Personal name Manzar, A. M.
245 ## - TITLE STATEMENT
Title Red clouds over Afghanistan /
Statement of responsibility, etc A. M. Manzar
260 ## - PUBLICATION, DISTRIBUTION, ETC. (IMPRINT)
Place of publication, distribution, etc Islamabad :
Name of publisher, distributor, etc Institute of Policy Studies,
Date of publication, distribution, etc 1980
300 ## - PHYSICAL DESCRIPTION
Extent 105 p.
650 ## - SUBJECT ADDED ENTRY--TOPICAL TERM
Topical term or geographic name as entry element Afghanistan
942 ## - ADDED ENTRY ELEMENTS (KOHA)
Koha item type Books
Holdings
Withdrawn status Lost status Damaged status Home library Current library Date acquired Full call number Barcode Date last seen Price effective from Koha item type
      UMT Main Campus UMT Main Campus 2016-12-05 MMC 958.1 MAN-R 102887 2016-12-05 2016-12-05 Books